000 00554nam a2200169Ia 4500
008 140609s9999 xx 000 0 und d
020 _a9780071277525
050 _aHF 5387
_b.H3743 2008
100 _aHartman, Laura P.
245 _aBusiness ethics :
_bdecision-making for personal integrity and social responsibility /
_cLaura P. Hartman, Joe DesJardins
260 _aBoston :
_bMcGraw-Hill/Irwin,
_cc2008.
300 _a492 p. :
_bill. ;
_c23 cm.
500 _aIncludes glossary and index.
521 _aBSBA
942 _kFOR
_cBK
999 _c118080
_d118080